00543nam a2200181 a 45000010010000000030011000100080041000210350026000620820014000881000021001022450055001232600027001786500018002059420012002239520091002359980020003269990015003460000-8781ELIB.Books110520 1976  a(ELIB.Books)0000-8927 a221 bHin aHinson, David F. aTheology of the Old Testament (O.T Introduction 3) bLondon: S.P.C.K c1976 aOld Testament 2ddccBK 00102ddc4070aKBTSbKBTSd2011-05-20l0p10871r2022-01-22 00:00:00w2022-01-22yBK cbate2011-05-20 c8781d8781